Most Common Cities by Country - Statistics

General Stats
  • This quiz has been taken 7 times
  • The average score is 4 of 10
Answer Stats
Starts with Amount of cities Country City % Correct
A 27 Austria Au
60%
N W 106 Poland Nowa Wies
60%
S M 94 Italy San Martino
60%
A 295 Russia Aleksandrovka
40%
C 18 China Chengguan
40%
F 34 United States Franklin
40%
R 797 India Rampur
40%
S I 37 Mexico San Isidro
40%
S 6 United Kingdom Stone
40%
G 29 Poland Gorki
20%
No matching quizzes found
Score Distribution
Percent of People with Each Score
Percentile by Number Answered
Your Score History
You have not taken this quiz